| 000 | 01131cam a2200325 a 4500 | ||
|---|---|---|---|
| 005 | 20260322212051.0 | ||
| 008 | data | ||
| 010 | _a 85013157 | ||
| 020 |
_a0385246390 (pbk.) _c{dollar}10.95 |
||
| 020 | _a0385190603 (lib. bdg.) | ||
| 020 | _a9780385190602 (lib. bdg.) | ||
| 020 |
_a9780385246392 (pbk.) _c{dollar}10.95 |
||
| 040 |
_aDLC _cDLC _dDLC |
||
| 042 | _alcac | ||
| 050 | 0 | 0 |
_aNC825.M64 _bA44 1986 |
| 082 | 0 | 0 |
_a743/.896292 _219 |
| 092 | _a743 A44 1986 | ||
| 100 | 1 | _aAmes, Lee J. | |
| 245 | 1 | 0 |
_aDraw 50 cars, trucks, and motorcycles / _cLee J. Ames. |
| 250 | _a1st ed. | ||
| 260 |
_aGarden City, N.Y. : _bDoubleday, _cc1986. |
||
| 300 |
_a[61] p. : _bchiefly ill. ; _c32 cm. |
||
| 520 | _aProvides step-by-step instructions on how to draw a variety of cars, trucks, and motorcycles, including Ford Thunderbird, dump trucks, and minibikes. | ||
| 650 | 0 |
_aMotor vehicles in art _xJuvenile literature. |
|
| 650 | 0 |
_aDrawing _xJuvenile literature. _xJuvenile literature. |
|
| 650 | 1 | _aMotor vehicles in art. | |
| 650 | 1 |
_aDrawing _xTechnique. |
|
| 740 | 0 | _aDraw fifty cars, trucks, and motorcycles. | |
| 001 | data | ||
| 999 |
_c1210 _d1210 |
||